Т. 89, вып. 9; Журнал прикладной химии

التفاصيل البيبلوغرافية
Parent link:Журнал прикладной химии: химический журнал/ Российская академия наук. Т. 89, вып. 9.— , 1928-
اللغة:الروسية
منشور في: 2016
التنسيق: كتاب
KOHA link:https://koha.lib.tpu.ru/cgi-bin/koha/opac-detail.pl?biblionumber=568788

MARC

LEADER 00000nam2a2200000 4500
001 568788
005 20231101124635.0
035 |a (RuTPU)RU\TPU\prd\266036 
090 |a 568788 
100 |a 20161125a19289999k y0rusy50 ca 
101 0 |a rus 
102 |a RU 
200 0 |a Т. 89, вып. 9 
210 |d 2016 
461 1 |0 (RuTPU)RU\TPU\prd\164  |t Журнал прикладной химии  |o химический журнал  |f Российская академия наук  |v Т. 89, вып. 9  |d 1928- 
801 0 |a RU  |b 63413507  |c 20010227  |g PSBO 
801 1 |a RU  |b 63413507  |c 20161125 
801 2 |a RU  |b 63413507  |c 20230411  |g RCR 
942 |c BK 
999 |a НТБ_ТПУ  |b НФ  |e -1/20160111  |p П-1753  |s 1/20160622  |u 0,00  |v 1